|
|
|
|
| LEADER |
00000nam0a2200000 4500 |
| 001 |
22770 |
| 005 |
20231101205516.0 |
| 010 |
|
|
|a 5060036170
|
| 035 |
|
|
|a (RuTPU)RU\TPU\book\22984
|
| 035 |
|
|
|a BOOK00000748
|
| 090 |
|
|
|a 22770
|
| 100 |
|
|
|a 20011209d2000 m y0rusy50 ca
|
| 101 |
0 |
|
|a rus
|a eng
|
| 102 |
|
|
|a RU
|
| 105 |
|
|
|a y j 000zy
|
| 200 |
1 |
|
|a Курс английского языка для вечерних и заочных технических вузов
|e учебник
|f Л. Н. Андрианова, Н. Ю. Багрова, Э. В. Ершова
|
| 210 |
|
|
|a Москва
|c Высшая школа
|d 2000
|
| 215 |
|
|
|a 462 с.
|
| 451 |
|
1 |
|0 (RuTPU)RU\TPU\book\139850
|y 978-5-06-005780-5
|t Курс английского языка для вечерних и заочных технических вузов
|o учебник
|f Л. Н. Андрианова, Н. Ю. Багрова, Э. В. Ершова
|c Москва
|n Высшая школа
|d 2007
|p 463 с.
|a Андрианова, Людмила Николаевна
|
| 606 |
|
|
|a Английский язык
|x Учебные руководства и пособия для заочного обучения
|2 stltpush
|3 (RuTPU)RU\TPU\subj\29077
|9 52489
|
| 610 |
1 |
|
|a вечернее обучение
|
| 610 |
1 |
|
|a заочное обучение
|
| 610 |
1 |
|
|a техническая литература
|
| 610 |
1 |
|
|a лексика
|
| 610 |
1 |
|
|a перевод
|
| 610 |
1 |
|
|a учебники
|
| 610 |
1 |
|
|a дистанционное обучение
|
| 686 |
|
|
|a Ш143.21-98
|v LBC/SL-A
|2 rubbk
|
| 700 |
|
1 |
|a Андрианова
|b Л. Н.
|g Людмила Николаевна
|
| 701 |
|
1 |
|a Багрова
|b Н. Ю.
|g Наталья Юрьевна
|
| 701 |
|
1 |
|a Ершова
|b Э. В.
|g Элеонора Вилисовна
|
| 801 |
|
0 |
|a RU
|b 63413507
|c 20011209
|g PSBO
|
| 801 |
|
2 |
|a RU
|b 63413507
|c 20171012
|g PSBO
|
| 942 |
|
|
|c BK
|